Can You Guess Every WWE Royal Rumble Winner? - Statistics

General Stats
  • This quiz has been taken 583 times
  • The average score is 29 of 38
Answer Stats
Year Winner % Correct
2008 John Cena
90%
2013 John Cena
90%
2015 Roman Reigns
89%
1997 "Stone Cold" Steve Austin
89%
1998 "Stone Cold" Steve Austin
89%
2001 "Stone Cold" Steve Austin
89%
2002 Triple H
89%
2016 Triple H
89%
2010 Edge
85%
2021 (Men's) Edge
85%
2000 The Rock
85%
2007 The Undertaker
85%
2009 Randy Orton
84%
2017 Randy Orton
84%
1995 Shawn Michaels
84%
1996 Shawn Michaels
84%
1990 Hulk Hogan
83%
1991 Hulk Hogan
83%
2019 (Men's) Seth Rollins
83%
2003 Brock Lesnar
80%
2006 Rey Mysterio
80%
2005 Batista
79%
2014 Batista
79%
1992 Ric Flair
73%
2012 Sheamus
73%
2019 (Women's) Becky Lynch
72%
2020 (Women's) Charlotte Flair
72%
2018 (Men's) Shinsuke Nakamura
71%
2011 Alberto Del Rio
70%
2020 (Men's) Drew McIntyre
69%
1994 Bret Hart/Lex Luger
66%
2018 (Women's) Asuka
64%
2021 (Women's) Bianca Belair
61%
2004 Chris Benoit
61%
1999 Mr. McMahon
57%
1988 "Hacksaw" Jim Duggan
56%
1993 Yokozuna
53%
1989 Big John Studd
42%
No matching quizzes found
Score Distribution
Percent of People with Each Score
Percentile by Number Answered
Your Score History
You have not taken this quiz